00617 2200229 4500001002100000005001500021035002000036245007500056100002500131250000600156300003500162260003700197082001000234084001600244020001800260650002400278990001700302990001700319990001700336990001700353990001700370INLIS00000000000066820190125114322 a0010-01190001241 aRajungan :bBiologi, Pembenihan dan Pembesaran /cM. Ghufran H Kordi K0 aM. Ghufran H Kordi K a- aiv, 74 hlm. :bilus. ;c21 cm. aSemarang :bCV Aneka Ilmu,c2007 a635.9 a635.9 GHU r a979-736-704-5 aPeternakan Kepiting a02509/P/2018 a02510/P/2018 a02511/P/2018 a02512/P/2018 a02513/P/2018